[Event "Titled Tuesday intern op 28th Jan Early"]
[Site "Chess.com INT"]
[Date "2025.01.28"]
[Round "10"]
[White "Banerjee, Supratit"]
[Black "Misailovic, Nebojsa"]
[Result "1-0"]
[WhiteElo "2172"]
[BlackElo "2344"]
[PlyCount "125"]
[EventDate "2025.01.28"]
[EventType "swiss (blitz)"]
[EventRounds "11"]
[EventCountry "USA"]
[SourceTitle "CB06_2025"]
[SourceDate "2025.02.05"]
[SourceVersion "1"]
[SourceVersionDate "2025.02.05"]
[SourceQuality "1"]

1. e4 c5 2. c3 g6 3. d4 cxd4 4. cxd4 Bg7 5. Nf3 d6 6. Nc3 Nf6 7. Bd3 0-0 8. 0-0 Nc6 9. Re1 Bg4 10. Be2 e5 11. dxe5 dxe5 12. Bg5 Bxf3 13. Bxf3 h6 14. Bxf6 Bxf6 15. Nd5 Nd4 16. Be2 Rc8 17. Bd3 Kg7 18. Qd2 Qd6 19. Qe3 Bg5 20. Qg3 Bd8 21. Rad1 Bb6 22. Bb1 Rce8 23. h4 h5 24. Ne3 Kh7 25. Nd5 Qe6 26. Qg5 Kg7 27. Ne3 f6 28. Qg3 Kh6 29. Nd5 Qg4 30. Qe3+ g5 31. hxg5+ Qxg5 32. Qxg5+ Kxg5 33. Re3 h4 34. b4 Rg8 35. a4 Bd8 36. Ba2 Rg6 37. Rh3 Rh8 38. f4+ Kg4 39. Bc4 Kh5 40. f5 Rg3 41. Rxg3 hxg3 42. a5 Kg5 43. Rf1 b6 44. a6 b5 45. Bd3 Bb6 46. Nxb6 axb6 47. Ra1 Ra8 48. Ra3 Kf4 49. Bb1 Ne2+ 50. Kf1 Nd4 51. Bd3 Ke3 52. Bxb5+ Kxe4 53. Bd3+ Kd5 54. b5 Kc5 55. a7 Nxb5 56. Ra1 Nd4 57. Be4 Rxa7 58. Rxa7 b5 59. Rf7 Nb3 60. Ke2 Kd4 61. Bc2 Na1 62. Bd1 b4 63. Ra7 1-0

[Event "Titled Tuesday intern op 28th Jan Early"]
[Site "Chess.com INT"]
[Date "2025.01.28"]
[Round "3"]
[White "Misailovic, Nebojsa"]
[Black "Player, Edmund C"]
[Result "1/2-1/2"]
[WhiteElo "2344"]
[BlackElo "2122"]
[PlyCount "156"]
[EventDate "2025.01.28"]
[EventType "swiss (blitz)"]
[EventRounds "11"]
[EventCountry "USA"]
[SourceTitle "CB06_2025"]
[SourceDate "2025.02.05"]
[SourceVersion "1"]
[SourceVersionDate "2025.02.05"]
[SourceQuality "1"]

1. e4 e5 2. Nf3 Nc6 3. Bb5 a6 4. Ba4 Nf6 5. 0-0 b5 6. Bb3 Be7 7. Re1 d6 8. c3 0-0 9. h3 a5 10. a4 b4 11. d4 Rb8 12. Nbd2 Bb7 13. Bc2 Re8 14. d5 Na7 15. c4 Nc8 16. Nf1 Nb6 17. b3 Nbd7 18. Be3 c6 19. dxc6 Bxc6 20. Ng3 Qc7 21. Qd2 Nc5 22. Bg5 Nfd7 23. Rad1 Bf8 24. Nf5 Ne6 25. Nxd6 Bxd6 26. Qxd6 Qxd6 27. Rxd6 Nxg5 28. Nxg5 Rbc8 29. Nf3 Nc5 30. Re2 f6 31. Nh4 Kf7 32. Rdd2 Red8 33. Nf5 Rxd2 34. Rxd2 Rc7 35. f3 g6 36. Ne3 Ne6 37. Rd6 Nd4 38. Bd1 Ke7 39. c5 Bd7 40. Nd5+ Kd8 41. Nxc7 Kxc7 42. Rxf6 Be6 43. f4 Bxb3 44. Bxb3 Nxb3 45. fxe5 Nxc5 46. e6 Nxa4 47. Rf7+ Kd8 48. Ra7 b3 49. Rxa5 Nc3 50. Ra8+ Ke7 51. Rb8 Kxe6 52. Rxb3 Nxe4 53. Rb7 h5 54. h4 Kf5 55. Kh2 Nf6 56. Kh3 g5 57. Rb5+ Kf4 58. Rxg5 Ne4 59. Rxh5 Nf2+ 60. Kh2 Ng4+ 61. Kg1 Kg3 62. Rh8 Nf6 63. h5 Kg4 64. h6 Kg5 65. h7 Kg6 66. Kf2 Nxh7 67. Rxh7 Kxh7 68. Kg3 Kg7 69. Kg4 Kh6 70. Kf5 Kg7 71. Kg5 Kf7 72. Kh6 Kg8 73. Kg6 Kh8 74. g4 Kg8 75. g5 Kh8 76. Kh6 Kg8 77. g6 Kh8 78. g7+ Kg8 1/2-1/2

[Event "Titled Tuesday intern op 21st Jan Late"]
[Site "Chess.com INT"]
[Date "2025.01.21"]
[Round "7"]
[White "Misailovic, Nebojsa"]
[Black "To, Nhat Minh"]
[Result "0-1"]
[WhiteElo "2344"]
[BlackElo "2299"]
[PlyCount "94"]
[EventDate "2025.01.21"]
[EventType "swiss (blitz)"]
[EventRounds "11"]
[EventCountry "USA"]
[SourceTitle "CB05_2025"]
[SourceDate "2025.01.29"]
[SourceVersion "1"]
[SourceVersionDate "2025.01.29"]
[SourceQuality "1"]

1. e4 e6 2. d4 d5 3. Nc3 Nf6 4. Bg5 dxe4 5. Nxe4 Nbd7 6. Nf3 h6 7. Nxf6+ Nxf6 8. Bxf6 Qxf6 9. Qd2 Bd7 10. a4 0-0-0 11. Bb5 Kb8 12. Bxd7 Rxd7 13. 0-0 Bd6 14. c3 g5 15. Qe2 g4 16. Ne5 Bxe5 17. dxe5 Qf5 18. Rad1 Rhd8 19. Rxd7 Rxd7 20. Rd1 Rxd1+ 21. Qxd1 b6 22. g3 h5 23. Qe2 a5 24. Qb5 Qb1+ 25. Kg2 Qe4+ 26. Kg1 Kb7 27. Qd7 Qe1+ 28. Kg2 Qxe5 29. Qxf7 Qe4+ 30. Kg1 Qxa4 31. Qxe6 Qa1+ 32. Kg2 Qxb2 33. Qd5+ Ka7 34. Qc6 Kb8 35. Qe8+ Kb7 36. Qe4+ Ka7 37. Qc6 Kb8 38. Qe8+ Kb7 39. Qe4+ c6 40. Qh7+ Ka6 41. Qd3+ Qb5 42. Qd8 Qd5+ 43. Qxd5 cxd5 44. f4 gxf3+ 45. Kxf3 a4 46. Ke2 a3 47. Kd2 a2 0-1

[Event "Titled Tuesday intern op 27th Aug Early"]
[Site "Chess.com INT"]
[Date "2024.08.27"]
[Round "5"]
[White "Buyankhishig, Batpelden"]
[Black "Misailovic, Nebojsa"]
[Result "0-1"]
[WhiteElo "1866"]
[BlackElo "2373"]
[PlyCount "76"]
[EventDate "2024.08.27"]
[EventType "swiss (blitz)"]
[EventRounds "11"]
[EventCountry "USA"]
[SourceTitle "EXT 2025"]
[Source "ChessBase"]
[SourceDate "2024.10.14"]
[SourceVersion "1"]
[SourceVersionDate "2024.10.14"]
[SourceQuality "1"]

1. e4 c5 2. Nf3 Nc6 3. d4 cxd4 4. Nxd4 e5 5. Nb5 d6 6. Bc4 a6 7. N5c3 Be7 8. Nd5 Nf6 9. Nbc3 0-0 10. 0-0 b5 11. Bb3 b4 12. Nxf6+ Bxf6 13. Nd5 a5 14. Be3 Rb8 15. a3 Bg5 16. axb4 axb4 17. Ba4 Bxe3 18. Bxc6 Bd4 19. c3 bxc3 20. bxc3 Bc5 21. Qd3 Be6 22. Rfb1 Qg5 23. Nc7 h6 24. Na6 Rxb1+ 25. Rxb1 Rd8 26. Nxc5 dxc5 27. Qg3 Qd2 28. h4 Qd3 29. Qxd3 Rxd3 30. Rc1 Kf8 31. Kf1 Bc4 32. Ke1 Ke7 33. f3 g6 34. Rc2 f5 35. Rb2 Rxc3 36. Rb7+ Kd6 37. Ba4 Ra3 38. Bc2 Ra1+ 0-1

[Event "Titled Tuesday intern op 27th Aug Early"]
[Site "Chess.com INT"]
[Date "2024.08.27"]
[Round "6"]
[White "Florescu, Codrut Constantin"]
[Black "Misailovic, Nebojsa"]
[Result "1-0"]
[WhiteElo "2194"]
[BlackElo "2373"]
[PlyCount "73"]
[EventDate "2024.08.27"]
[EventType "swiss (blitz)"]
[EventRounds "11"]
[EventCountry "USA"]
[SourceTitle "EXT 2025"]
[Source "ChessBase"]
[SourceDate "2024.10.14"]
[SourceVersion "1"]
[SourceVersionDate "2024.10.14"]
[SourceQuality "1"]

1. d4 Nf6 2. Nf3 d5 3. c4 e6 4. Nc3 Be7 5. Bf4 0-0 6. e3 b6 7. Be2 Bb7 8. 0-0 c5 9. dxc5 bxc5 10. cxd5 exd5 11. Rc1 Nbd7 12. Ne5 Rc8 13. Nxd7 Qxd7 14. Qa4 Bc6 15. Bb5 d4 16. Bxc6 Qxc6 17. Qxc6 Rxc6 18. exd4 cxd4 19. Nb5 Rb6 20. Nxd4 Rxb2 21. Nf5 Bd8 22. a3 Bb6 23. Be5 Ra2 24. Bxf6 gxf6 25. Rc3 Rd8 26. g4 h5 27. h3 hxg4 28. hxg4 Rdd2 29. Rf3 Kh7 30. Kg2 Kg8 31. Ng3 Rd4 32. Kh3 Rad2 33. Nh5 R4d3 34. Nxf6+ Kg7 35. Nh5+ Kg6 36. Nf4+ Kg5 37. Nxd3 1-0

[Event "Titled Tuesday intern op 27th Aug Early"]
[Site "Chess.com INT"]
[Date "2024.08.27"]
[Round "2"]
[White "Misailovic, Nebojsa"]
[Black "Puranik, Abhimanyu Sameer"]
[Result "0-1"]
[WhiteElo "2373"]
[BlackElo "2649"]
[PlyCount "37"]
[EventDate "2024.08.27"]
[EventType "swiss (blitz)"]
[EventRounds "11"]
[EventCountry "USA"]
[SourceTitle "EXT 2025"]
[Source "ChessBase"]
[SourceDate "2024.10.14"]
[SourceVersion "1"]
[SourceVersionDate "2024.10.14"]
[SourceQuality "1"]

1. d4 Nf6 2. Nf3 b6 3. c4 Bb7 4. Nc3 e6 5. Qc2 Bb4 6. Nd2 0-0 7. e4 Nc6 8. Nb3 e5 9. d5 Nd4 10. Qd3 Re8 11. Bd2 c6 12. Be2 cxd5 13. cxd5 a5 14. Nxd4 exd4 15. Qxd4 Bxc3 16. Bxc3 Rxe4 17. Qd2 Ba6 18. 0-0 Rxe2 19. Qd1 0-1

[Event "Titled Tuesday intern op 20th Aug Late"]
[Site "Chess.com INT"]
[Date "2024.08.20"]
[Round "9"]
[White "Wanyama, Harold"]
[Black "Misailovic, Nebojsa"]
[Result "1-0"]
[WhiteElo "2154"]
[BlackElo "2373"]
[PlyCount "53"]
[EventDate "2024.08.20"]
[EventType "swiss (blitz)"]
[EventRounds "11"]
[EventCountry "USA"]
[SourceTitle "EXT 2025"]
[Source "ChessBase"]
[SourceDate "2024.10.14"]
[SourceVersion "1"]
[SourceVersionDate "2024.10.14"]
[SourceQuality "1"]

1. d4 Nf6 2. c4 g6 3. Nc3 d5 4. Bf4 Bg7 5. Rc1 0-0 6. e3 c6 7. Nf3 h6 8. Be2 Be6 9. Ne5 Nbd7 10. h4 dxc4 11. Nxc4 Nd5 12. Bg3 Nxc3 13. bxc3 Nb6 14. Ne5 Bxa2 15. h5 g5 16. Bd3 Bd5 17. e4 Be6 18. f4 Nd7 19. Nxd7 Bxd7 20. fxg5 Qa5 21. e5 c5 22. Qf3 Qa3 23. 0-0 hxg5 24. Qe4 f5 25. exf6 Rxf6 26. Qh7+ Kf8 27. h6 1-0

[Event "Titled Tuesday intern op 16th Jul Early"]
[Site "Chess.com INT"]
[Date "2024.07.16"]
[Round "7"]
[White "Jodar Arias, Marlon"]
[Black "Misailovic, Nebojsa"]
[Result "1-0"]
[WhiteElo "2189"]
[BlackElo "2373"]
[PlyCount "61"]
[EventDate "2024.07.16"]
[EventType "swiss (blitz)"]
[EventRounds "11"]
[EventCountry "USA"]
[SourceTitle "EXT 2025"]
[Source "ChessBase"]
[SourceDate "2024.10.14"]
[SourceVersion "1"]
[SourceVersionDate "2024.10.14"]
[SourceQuality "1"]

1. e4 c5 2. Nf3 Nc6 3. d4 cxd4 4. Nxd4 e5 5. Nb5 d6 6. N1c3 a6 7. Na3 Be7 8. Nc4 Nf6 9. Bg5 Be6 10. Bxf6 gxf6 11. Ne3 Nd4 12. Bd3 Rg8 13. 0-0 Rc8 14. Ncd5 f5 15. c3 fxe4 16. Bxe4 Nc6 17. Qh5 Kd7 18. Rad1 Rg5 19. Qxh7 b5 20. Rd2 Na5 21. b3 Nb7 22. b4 Rb8 23. Rfd1 Qf8 24. Nb6+ Kc7 25. Ned5+ Kd8 26. Nxe7 Kxe7 27. Bxb7 Rxb7 28. Rxd6 Qb8 29. Qh4 Qa8 30. Qxg5+ Kf8 31. Rd8+ 1-0

[Event "Titled Tuesday intern op 09th Apr Early"]
[Site "Chess.com INT"]
[Date "2024.04.09"]
[Round "1"]
[White "Bharath, Subramaniyam H"]
[Black "Misailovic, Nebojsa"]
[Result "1-0"]
[WhiteElo "2544"]
[BlackElo "2373"]
[PlyCount "89"]
[EventDate "2024.04.09"]
[EventType "swiss (blitz)"]
[EventRounds "11"]
[EventCountry "USA"]
[SourceTitle "EXT 2025"]
[Source "ChessBase"]
[SourceDate "2024.10.14"]
[SourceVersion "1"]
[SourceVersionDate "2024.10.14"]
[SourceQuality "1"]

1. d4 d5 2. Bf4 Nf6 3. e3 c6 4. Nf3 Bg4 5. c4 Qb6 6. Qc2 Bxf3 7. gxf3 Nbd7 8. Nc3 e6 9. c5 Qd8 10. b4 Nh5 11. Bg3 Be7 12. f4 Nxg3 13. hxg3 f5 14. a4 a6 15. Bd3 Nf6 16. b5 axb5 17. 0-0 b4 18. Na2 Qa5 19. Qb2 0-0 20. Nxb4 Ne4 21. Bxe4 fxe4 22. Nc2 Ra7 23. Rfb1 Rfa8 24. Qc1 Qd8 25. Qd1 Qf8 26. Rb4 g6 27. Rab1 Rxa4 28. Rxa4 Rxa4 29. Rxb7 h5 30. Nb4 Qa8 31. Nxc6 Qxb7 32. Qxa4 Qb1+ 33. Kg2 Bf8 34. Nd8 Qe1 35. Qe8 Qe2 36. Qf7+ Kh8 37. Qxf8+ Kh7 38. Qe7+ Kg8 39. Qxe6+ Kg7 40. Qe7+ Kg8 41. Qf7+ Kh8 42. Qxg6 Qf3+ 43. Kg1 Qd1+ 44. Kh2 Qf3 45. Nf7# 1-0

[Event "Titled Tuesday intern op 09th Apr Early"]
[Site "Chess.com INT"]
[Date "2024.04.09"]
[Round "11"]
[White "Misailovic, Nebojsa"]
[Black "Szente Varga, Fruzsina"]
[Result "0-1"]
[WhiteElo "2373"]
[BlackElo "2025"]
[PlyCount "58"]
[EventDate "2024.04.09"]
[EventType "swiss (blitz)"]
[EventRounds "11"]
[EventCountry "USA"]
[SourceTitle "EXT 2025"]
[Source "ChessBase"]
[SourceDate "2024.10.14"]
[SourceVersion "1"]
[SourceVersionDate "2024.10.14"]
[SourceQuality "1"]

1. d4 Nf6 2. Nf3 g6 3. c4 Bg7 4. Nc3 0-0 5. e4 d6 6. Be2 e5 7. 0-0 Nc6 8. d5 Ne7 9. Ne1 Nd7 10. Nd3 f5 11. f3 f4 12. Bd2 Nf6 13. Qc1 g5 14. c5 Rf7 15. cxd6 cxd6 16. a4 h5 17. Qc2 Bf8 18. Nb5 Ne8 19. Rac1 Ng6 20. Be1 Bd7 21. Qb3 g4 22. Bf2 Qg5 23. fxg4 hxg4 24. Nb4 Rh7 25. Nc7 Rc8 26. Ne6 Qh6 27. h4 Nxh4 28. Bxh4 Qxh4 29. Nxf8 g3 0-1